Essential obstetrics and gynaecology (Record no. 7967)

MARC details
000 -LEADER
fixed length control field 00671nam a22002177a 4500
003 - CONTROL NUMBER IDENTIFIER
control field OSt
005 - DATE AND TIME OF LATEST TRANSACTION
control field 20220810095515.0
008 - FIXED-LENGTH DATA ELEMENTS--GENERAL INFORMATION
fixed length control field 220810b ||||| |||| 00| 0 eng d
020 ## - INTERNATIONAL STANDARD BOOK NUMBER
International Standard Book Number 9780702076398
040 ## - CATALOGING SOURCE
Transcribing agency NLM
082 ## - DEWEY DECIMAL CLASSIFICATION NUMBER
Classification number WP100
Item number E74s 2019
100 ## - MAIN ENTRY--PERSONAL NAME
Personal name Ian, Symonds ; Sabaratnam, Arulkumaran
9 (RLIN) 16183
245 ## - TITLE STATEMENT
Title Essential obstetrics and gynaecology
250 ## - EDITION STATEMENT
Edition statement Sixth edition
260 ## - PUBLICATION, DISTRIBUTION, ETC. (IMPRINT)
Place of publication, distribution, etc. Edinburgh :
Name of publisher, distributor, etc. Elsevier,
Date of publication, distribution, etc. 2019
300 ## - PHYSICAL DESCRIPTION
Extent xiii, 460 pages :
Other physical details illustrations (some colour) ;
Dimensions 24 cm
504 ## - BIBLIOGRAPHY, ETC. NOTE
Bibliography, etc Includes bibliographical references and index.
650 ## - SUBJECT ADDED ENTRY--TOPICAL TERM
Topical term or geographic name as entry element Genital Diseases, Female.
9 (RLIN) 3420
650 ## - SUBJECT ADDED ENTRY--TOPICAL TERM
Topical term or geographic name as entry element Obstetrics.
9 (RLIN) 5
942 ## - ADDED ENTRY ELEMENTS (KOHA)
Source of classification or shelving scheme Dewey Decimal Classification
Koha item type Book
Holdings
Withdrawn status Lost status Source of classification or shelving scheme Damaged status Not for loan Home library Current library Date acquired Source of acquisition Inventory number Total Checkouts Full call number Barcode Date last seen Price effective from Koha item type
    Other/Generic Classification Scheme     MUST Main Library MUST Main Library 10/08/2022 Purchase 22/41827   WP100 E74s 2019 2022-7833 10/08/2022 10/08/2022 Book
    Other/Generic Classification Scheme     MUST Main Library MUST Main Library 10/08/2022 Purchase 22/41826   WP100 E74s 2019 2022-7834 10/08/2022 10/08/2022 Book
    Other/Generic Classification Scheme     MUST Main Library MUST Main Library 10/08/2022 Purchase 22/41825   WP100 E74s 2019 2022-7835 10/08/2022 10/08/2022 Book